00333nam a2200133Ia 4500008004100000041000800041082001500049100001800064245003800082250001400120260002800134300003000162365000700192240624s9999 xx 000 0 und d aeng a658.83 BOY aBOYD HARPER W aMARKETING RESEARCH TEXT AND CASES a(7th ed.) c2004aDelhibA.I.T.B.S. axv, : 816 : p. : cm. ; 24 cRS